Dictionnaire des difficultes de la langue francaise

Saved in:
書目詳細資料
主要作者: Thomas, Adolphe V (Author)
格式: 圖書
語言:法语
出版: París Librairie Larousse 1956
主題:
標簽: 添加標簽
沒有標簽, 成為第一個標記此記錄!

MARC

LEADER 00000nam a2200000 a 4500
001 UCX6430
003 CL-VaPUC
008 930611e19560000FR |||||||||||||||||fre|d
082 0 4 |a 443  |b THO  |2 21 
100 0 |a Thomas, Adolphe V  |e author  |9 322911 
245 1 0 |a Dictionnaire des difficultes de la langue francaise 
300 |a 435 p 
942 |c BK 
945 |d 19930611 00:00:00 
260 |a París  |b Librairie Larousse  |c 1956 
650 7 |a FRANCES  |2 CL-VaPUC  |9 259059 
650 0 |a Diccionarios  |9 256200 
650 7 |a IDIOMA FRANCES  |2 CL-VaPUC  |9 322912 
583 |a last modification  |c 19930611 00:00:00  |k Rodrigo Vera 
999 |c 226451  |d 226449 
952 |0 0  |1 0  |4 0  |6 443_000000000000000_THO_1956  |7 0  |8 F  |9 224804  |a BIBEDU  |b BIBEDU  |d 2019-11-15  |i 2935406  |o 443 THO 1956  |p 2935406  |r 2023-01-13  |w 2019-11-15  |y BK_F  |k LIT 
952 |0 0  |1 0  |4 0  |6 443_000000000000000_THO_1956  |7 0  |8 F  |9 224805  |a BIBEDU  |b BIBEDU  |d 2019-11-15  |i 3117480  |o 443 THO 1956  |p 3117480  |r 2023-01-13  |w 2019-11-15  |y BK_F  |k LIT 
952 |0 0  |1 0  |4 0  |6 443_000000000000000_THO_1956  |7 0  |8 X  |9 224807  |a FDOBUD  |b FDOBUD  |d 2019-11-15  |i 1082493  |o 443 THO 1956  |p 1082493  |r 2019-11-15  |w 2019-11-15  |y BK_X  |k BUD